Fighting terror in cyberspace

Bibliographic Details
Other Authors: Kandel, Abraham, Last, Mark
Format: Book
Published: New Jersey : World Scientific , 2005
Subjects:

MARC

LEADER 00000cam a2200000 7i4500
001 0000021531
005 20080522.0
008 071205
020 |a 9812564934 
040 |a INS 
090 0 0 |a HV6431   |b F54 2005 
245 0 0 |a Fighting terror in cyberspace   |c editors Mark Last, Abraham Kandel 
260 |a New Jersey :   |b World Scientific ,   |c 2005 
300 |a xv, 167p. :   |b ill. ;   |c 23cm. 
500 |a Includes index 
650 0 0 |a Cyberterrorism   |x Prevention 
650 0 0 |a Terrorism   |x Computer network resources 
650 0 0 |a Terrorism   |x Prevention 
700 1 |a Kandel, Abraham 
700 1 |a Last, Mark 
999 |a 0000019986   |b BOOK   |c Open Shelf   |e Default branch